Personnages de l'univers Mario - Statistiques

Statistiques générales
  • Ce quiz a été pris 55 fois
  • Le résultat moyen est 6 sur 15
Statistiques - réponses
Descriptions Personnages % Correct
Plombier moustachu à la casquette verte ( très dur ) Luigi
87%
Champignon aventurier Captain Toad
85%
Petite créature qui accompagne Harmonie Luma
62%
Petit bonhomme rouge masqué portant une hélice Hélico Maskass
60%
Tortue possédant des ailes Paratroopa
57%
Boss du monde 1 de new super mario bros Wii Larry
38%
Scientifique dans Luigi's mansion Professeur Karl Tastroff
34%
Ennemi à carapace rouge couverte de pics Hériss
32%
Sosie de Luigi dans Luigi's mansion 3 Gluigi
28%
Ennemi ressemblant à un cactus Pokey
28%
Antagoniste de mario et luigi dream team bros Antasma
23%
Antagoniste de mario et luigi voyage au centre de Bowser Gracowitz
23%
Version aplatie de Mario Mario de papier
15%
Ennemi à carapace bleue tombant du plafond Bruyinsecte
13%
Chenille que l'on combat dans mario et luigi les frères du temps Xhwiggler
2%
Aucun quiz correspondant
Distribution des résultats
% des personnes avec chaque résultat
Percentile par nombre de réponses
Votre historique - résultats
Vous n’avez pas pris ce quiz